[Event "ICS rated blitz match"]
[Site "207.99.83.227"]
[Date "1999.04.28"]
[Round "?"]
[White "salsero"]
[Black "Hossa"]
[Result "0-1"]
[WhiteElo "2190"]
[BlackElo "2387"]
[Annotator "Fritz 5.32 (22s)"]
[PlyCount "48"]

1. Nf3 1... e6 {Opening = D35 - 3.Nc3 Nf6(4.cd5 ed5 5.Bg5 c6 6.---)} 2. c4 Nf6
3. Nc3 d5 4. cxd5 exd5 5. d4 Bb4 (5... c6 6. Bg5 h6 (6... Nbd7 7. e3 Qa5 8. Bd3
Bb4 9. Qc2 h6 10. Bf4 b5 11. O-O g5 12. Bg3 g4 13. Ne5 Qb6 14. Nxd7 Bxd7 15.
Be5 Be7 16. Bf5 Rg8 17. f3 17... gxf3 {
1-0 Luuppala,J-Haciarifoglu,A/EuYouth U14 Boys, Tallinn EST 1997 (17)}) 7. Bh4
Bf5 8. Qb3 g5 9. Bg3 Qb6 10. e3 Na6 11. Qxb6 axb6 12. a3 Nb8 13. Kd2 Nbd7 14.
Bd3 Be6 15. Ne5 Rg8 16. h3 b5 17. a4 bxa4 18. Rxa4 Rxa4 19. Nxa4 Bb4+ 20. Nc3 {
Seirawan,Y-Zvjaginsev,V/FIDE WCh KO, Groningen NED (3.3) 1997/ - (33)}) 6. a3
Bxc3+ 7. bxc3 7... O-O $146 (7... Nc6 8. Bg5 Qd6 9. Qc1 Bf5 10. Bf4 Qe7 11. e3
O-O 12. Qb2 Rab8 13. c4 Rfe8 14. Rc1 h6 15. Be2 Nd8 16. O-O Ne6 17. Be5 Be4 18.
Nd2 b6 19. Nxe4 dxe4 20. Bxf6 Qxf6 21. Qb4 c5 22. Qb2 {
N Kiema-A Hansson/Vxj ch-SE op 1992/1-0 (57)}) (7... c5 8. e3 Qa5 9. Bd2 c4 10.
Qc2 Nc6 11. Be2 O-O 12. O-O Ne4 13. Kh1 Re8 14. Ng1 Bf5 15. Qb2 Qc7 16. Bf3 Na5
17. Bxe4 Bxe4 18. f4 Re6 19. Nf3 Rb6 20. Qa2 Nb3 21. Rad1 Qe7 22. Ng5 {
Joerges F-Kornath H/corr DDR M/820 1989/0-1 (41)}) 8. e3 Bf5 9. Bd3 (9. Qb3
9... b6 $11) 9... Bxd3 10. Qxd3 c5 11. O-O (11. Rb1 c4 12. Qf5 12... b6 $11)
11... cxd4 (11... c4 12. Qf5 $11) 12. cxd4 Nc6 13. Bd2 Qe7 14. Rab1 Rac8 15.
Rfc1 Qd7 16. Qb5 Rc7 17. Qd3 Rfc8 18. Rc5 18... b6 {Ueberdeckt a5} 19. Rcc1 (
19. Rc2 19... Qd6 $11) 19... Ne4 20. Rc2 Qg4 21. Rbc1 Nd6 22. Qf1 Nc4 23. Be1 (
23. Qd3 23... b5 $11) 23... Nxa3 24. Ra1 $4 $19 (24. Ne5 Qe6 25. Rxc6 Rxc6 26.
Nxc6 Rxc6 27. Ra1 $11) 24... Nxc2 (24... Nxc2 25. h3 25... Qe4 $19 (25... Nxa1
$6 {ist deutlich schlechter} 26. hxg4 Nc2 27. Qb5 $19)) 0-1

[Event "ICS rated blitz match"]
[Site "207.99.83.227"]
[Date "1999.04.28"]
[Round "?"]
[White "Eza"]
[Black "Hossa"]
[Result "1-0"]
[WhiteElo "2326"]
[BlackElo "2390"]
[Annotator "Crafty v16.6"]
[PlyCount "117"]

{annotating for player ossa using a scoring margin of +0.10 pawns. search time
limit is 10.00} 1. d4 1... e6 2. c4 d5 3. Nc3 Bb4 4. Nf3 Ne7 5. e3 O-O 6. Bd3
dxc4 7. Bxc4 c5 ({8:-0.18} 7... c5 8. O-O Nd7 9. Na4 cxd4 10. a3 b5 11. axb4
bxc4 12. Qxd4 $10) ({8:-0.04} 7... Nd5 8. Bd2 Nxc3 9. bxc3 Bd6 10. O-O Nd7 11.
Rb1 11... Qf6 $10) 8. O-O cxd4 9. Nxd4 e5 ({7:-0.28} 9... e5 10. Ndb5 Nd7 11.
Qh5 a6 12. Na3 12... Bc5 $10) ({7:-0.15} 9... Qc7 10. Qd3 Nd7 11. Ncb5 Qe5 12.
Bd2 12... Nc5 $10) 10. Ndb5 Nbc6 11. Qh5 g6 ({7:-0.42} 11... g6 12. Qf3 Na5 13.
Rd1 Bd7 14. Bd3 14... Bc5 $14) ({7:-0.26} 11... Qd7 12. Rd1 Qf5 13. Be2 Rd8 14.
Rxd8+ Nxd8 15. e4 Qxh5 16. Bxh5 $10) 12. Qf3 Nf5 ({7:-0.59} 12... Nf5 13. Rd1
Qh4 14. Nc7 Rb8 15. Qd5 Bd7 16. Qxd7 16... Qxc4 $14) ({7:-0.44} 12... Qd7 13.
Rd1 Qg4 14. Qxg4 Bxg4 15. f3 Bf5 16. Nd6 $14) 13. Rd1 Qh4 14. Qe4 Rd8 15. Rxd8+
Qxd8 16. Nd5 Nd6 17. Nxd6 Bxd6 18. Qf3 Bf5 19. e4 Nd4 20. Qd3 Bg4 21. f3 Bd7
22. Bh6 b5 23. Bb3 Rc8 24. Be3 a5 25. Bd1 Bc5 26. a4 bxa4 27. Bxa4 Be6 28. Kh1
Bxd5 29. exd5 Qxd5 30. Rd1 Qa2 31. b3 Bb6 32. f4 Rd8 33. Qf1 e4 34. Re1 Qc2 35.
Rc1 Qb2 36. Qe1 f5 37. Qf1 Rb8 38. Qc4+ Kg7 39. Rd1 Rd8 40. h3 Kh6 41. Rg1 Qa2
42. Rf1 Qa3 43. g4 Qe7 44. Qa6 Qh4 45. g5+ Kh5 46. Kg2 Bc7 47. Bxd4 Bxf4 48.
Qe2+ Kxg5 49. Rxf4 Qxf4 50. Be3 Qxe3 51. Qxe3+ Kh5 52. Bb5 Rd3 53. Qf4 Rxb3 54.
Be2+ Rf3 55. h4 h6 56. Bxf3+ exf3+ 57. Kh3 g5 58. Qxf5 f2 59. Qf7# 1-0

[Event "ICS rated blitz match"]
[Site "207.99.83.227"]
[Date "1999.04.28"]
[Round "?"]
[White "Hossa"]
[Black "xypher"]
[Result "1/2-1/2"]
[WhiteElo "2371"]
[BlackElo "2708"]
[PlyCount "35"]

1. d3 e5 2. Nf3 Nc6 3. e4 Nf6 4. Be2 d5 5. exd5 Qxd5 6. Nc3 Qd8 7. O-O Bf5 8.
Qd2 g6 9. Nh4 Be6 10. Nf3 Bc5 11. Qg5 Bf5 12. Be3 Be7 13. Qh4 Ne4 14. Qh6 Bf8
15. Qh4 Be7 16. Qh6 Bf8 17. Qh4 Be7 18. Qh6 {Game drawn by repetition} 1/2-1/2

[Event "ICS Rated blitz match"]
[Site "207.99.83.227"]
[Date "1999.04.28"]
[Round "?"]
[White "xypher"]
[Black "Hossa"]
[Result "1-0"]
[WhiteElo "2696"]
[BlackElo "2383"]
[Annotator "Crafty v16.6"]
[PlyCount "93"]

{annotating for player ossa using a scoring margin of +0.10 pawns. search time
limit is 10.00} 1. e4 1... e5 2. Nf3 Nc6 3. Bb5 a6 4. Ba4 Nf6 5. O-O b5 6. Bb3
Bc5 7. c3 O-O 8. d4 exd4 9. e5 Ng4 ({8:-0.85} 9... Ng4 10. cxd4 Bb4 11. h3 Nh6
12. Bxh6 gxh6 13. Nc3 13... Bb7 $16) ({8:-0.46} 9... Ne4 10. cxd4 Be7 11. Bc2
Ng5 12. Nxg5 Bxg5 13. Qh5 Bxc1 14. Rxc1 $14) 10. h3 Nxf2 11. Kxf2 dxc3+ 12. Ke2
cxb2 13. Bxb2 Bb7 14. Nbd2 d5 15. Rc1 Bb6 16. Re1 Na5 17. Rh1 c5 18. Bc2 Nc4
19. Nxc4 bxc4 20. Bb1 Rb8 21. Kf2 Bc8 22. Qa4 h6 23. Rhd1 Ba5 24. Ba3 Bb4 25.
Bxb4 Rxb4 26. Qc6 Be6 27. Qxc5 Qb6 28. Qxb6 Rxb6 29. Nd4 Re8 30. Nxe6 fxe6 31.
Ke3 g5 32. Rf1 Rb2 33. Rf6 Kg7 34. Kd4 Rd2+ 35. Kc3 Rxg2 36. Rg6+ Kf7 37. Rf1+
Ke7 38. Rg7+ Kd8 39. Ra7 Rg3+ 40. Kd4 Rxh3 41. Rff7 Re7 42. Rfxe7 c3 43. Rg7
Rh4+ 44. Kc5 Rc4+ 45. Kd6 Rc6+ 46. Kxc6 d4 47. Rg8# 1-0

[Event "ICS Rated blitz match"]
[Site "207.99.83.227"]
[Date "1999.04.28"]
[Round "?"]
[White "Hossa"]
[Black "xypher"]
[Result "1/2-1/2"]
[WhiteElo "2378"]
[BlackElo "2701"]
[PlyCount "229"]

1. d4 Nf6 2. Bg5 Ne4 3. Bh4 c5 4. f3 g5 5. fxe4 gxh4 6. e3 Bh6 7. Kf2 cxd4 8.
exd4 Qb6 9. Nc3 e6 10. Rb1 Nc6 11. Nf3 Bg7 12. Nb5 d5 13. exd5 exd5 14. Nd6+
Ke7 15. Nxc8+ Raxc8 16. c3 Bf6 17. Qb3 Qxb3 18. axb3 Rcg8 19. b4 a6 20. Re1+
Kf8 21. Rg1 Rg4 22. b5 axb5 23. Bxb5 Rhg8 24. Bd3 h5 25. Bh7 R8g7 26. Bf5 Rf4
27. Bd7 Be7 28. Bc8 b5 29. Bb7 Rg6 30. Bxc6 Rxc6 31. Re5 Rd6 32. Rxh5 Bf6 33.
g3 hxg3+ 34. Kxg3 Re4 35. Rh7 b4 36. Rh5 bxc3 37. bxc3 Re3 38. Rc1 Kg8 39. Kf2
Re8 40. Rg1+ Kf8 41. Ne5 Rc8 42. Rh7 Rc7 43. Rg3 Ra6 44. Rf3 Ra2+ 45. Kg3 Bxe5+
46. dxe5 Re2 47. Rh5 Re7 48. e6 R7xe6 49. Rxd5 Rg6+ 50. Kf4 Rxh2 51. Ke4 Ke7
52. Rc5 Rh4+ 53. Ke3 Re6+ 54. Kf2 Rh2+ 55. Kg3 Ree2 56. Rf1 Reg2+ 57. Kf3 Kd6
58. Rc8 Rc2 59. c4 Kd7 60. Rc5 Kd6 61. Rd5+ Kc6 62. Kg3 Rxc4 63. Kxh2 Kxd5 64.
Rxf7 Ke6 65. Rg7 Kf6 66. Rh7 Rc3 67. Kg2 Ke5 68. Kh1 Rc2 69. Kg1 Ra2 70. Kh1
Kf4 71. Kg1 Kg3 72. Kf1 Kf3 73. Kg1 Rc2 74. Kh1 Ke3 75. Kg1 Rd2 76. Kh1 Rb2 77.
Kg1 Rc2 78. Kf1 Ra2 79. Rh6 Kd4 80. Kg1 Kd3 81. Kh1 Ke3 82. Kg1 Rd2 83. Kh1 Ke4
84. Rh5 Kf3 85. Kg1 Rd1+ 86. Kh2 Kg4 87. Re5 Rd2+ 88. Kg1 Kf4 89. Re1 Kf3 90.
Kh1 Rc2 91. Rf1+ Ke3 92. Kg1 Ra2 93. Kh1 Rb2 94. Kg1 Rd2 95. Kh1 Re2 96. Kg1
Rc2 97. Rd1 Ke2 98. Rf1 Rc5 99. Rb1 Rc7 100. Kh1 Kf2 101. Rb2+ Kg3 102. Rg2+
Kf3 103. Kh2 Rh7+ 104. Kg1 Rb7 105. Kh1 Rb4 106. Kh2 Rh4+ 107. Kg1 Rd4 108. Kh1
Rd8 109. Kh2 Rh8+ 110. Kg1 Rc8 111. Kh1 Rb8 112. Kh2 Rb5 113. Kg1 Rb1+ 114. Kh2
Rc1 115. Kh3 {Game drawn by the 50 move rule} 1/2-1/2

[Event "ICS Rated blitz match"]
[Site "207.99.83.227"]
[Date "1999.04.28"]
[Round "?"]
[White "xypher"]
[Black "Hossa"]
[Result "1-0"]
[WhiteElo "2689"]
[BlackElo "2390"]
[Annotator "Crafty v16.6"]
[PlyCount "58"]

{annotating for player ossa using a scoring margin of +0.10 pawns. search time
limit is 10.00} 1. d4 1... d5 2. c4 dxc4 3. Nf3 b5 4. a4 c6 5. axb5 cxb5 6. e3
Bd7 7. b3 cxb3 8. Qxb3 a6 9. Nc3 Bc6 10. d5 Bb7 11. Nxb5 axb5 ({8:-2.53} 11...
axb5 12. Bxb5+ Nd7 13. Bxd7+ Qxd7 14. Rxa8+ Bxa8 15. Ne5 Qd6 16. Qa4+ Bc6 17.
Qxc6+ Qxc6 18. dxc6 Nf6 19. Ke2 $18) ({8:-0.93} 11... Qc8 12. Bd2 Nd7 13. Rc1
Nc5 14. Qb4 e5 15. d6 $16) 12. Bxb5+ Nd7 13. Bxd7+ Qxd7 14. Rxa8+ Bxa8 15. Ne5
Qc7 16. Qa4+ Bc6 17. dxc6 f6 18. Qa8+ Qd8 19. Qa4 Qc7 20. Nd7 Nh6 21. Qa8+ Kf7
22. Ke2 Ng4 23. Qb7 Qa5 24. c7 Qa2+ 25. Bd2 Nxf2 26. c8=Q Qe6 27. Qbb8 g5 28.
Qe8+ Kg7 29. Nxf8 Qf5 1-0

[Event "ICS Rated blitz match"]
[Site "207.99.83.227"]
[Date "1999.04.28"]
[Round "?"]
[White "Hossa"]
[Black "xypher"]
[Result "0-1"]
[WhiteElo "2385"]
[BlackElo "2694"]
[Annotator "Crafty v16.6"]
[PlyCount "105"]

{annotating for player ossa using a scoring margin of +0.10 pawns. search time
limit is 10.00} 1. Nf3 1... Nf6 2. d4 e6 3. e3 b6 4. Bd3 Bb7 5. Nc3 c5 6. dxc5
({8:+0.13} 6. dxc5 6... Bxc5 7. O-O O-O 8. Na4 Be7 9. Ng5 Nc6 10. Bd2 $10) ({
8:+0.40} 6. O-O 6... cxd4 7. exd4 Be7 8. Bf4 O-O 9. Qe2 Nc6 10. Rae1 $14) 6...
bxc5 7. e4 d6 8. O-O ({7:+0.34} 8. O-O 8... e5 9. a3 Nbd7 10. Bg5 Be7 11. Qe2
$14) ({7:+0.48} 8. Bg5 8... Be7 9. e5 dxe5 10. O-O Nbd7 11. Nh4 $14) 8... Nc6
9. Re1 Be7 10. Bf4 ({8:-0.19} 10. Bf4 10... e5 11. Bg5 O-O 12. Qd2 Qd7 13. Nd5
Nxd5 14. exd5 $10) ({8:+0.35} 10. e5 10... dxe5 11. Nxe5 Nxe5 12. Rxe5 O-O 13.
Be3 Bd6 14. Rg5 14... Qe7 $14) 10... O-O 11. Bc4 ({8:-0.38} 11. Bc4 11... e5
12. Bg5 Na5 13. Bd3 Ng4 14. Qd2 14... Rb8 $15) ({8:+0.04} 11. e5 11... dxe5 12.
Nxe5 Nb4 13. Be3 Nfd5 14. Qh5 Nxd3 15. cxd3 15... Qd6 $10) 11... Na5 12. Bf1
Rb8 13. b3 Rc8 14. Qd2 h5 15. Rad1 d5 16. exd5 exd5 17. Bg3 d4 18. Qf4 a6 19.
Qf5 g6 20. Qf4 Kg7 21. Bh4 Qd6 22. Qxd6 Bxd6 23. Bxf6+ Kxf6 24. Ne4+ Bxe4 25.
Rxe4 Rc6 26. Rde1 Ra8 27. b4 cxb4 28. Nxd4 Rc7 29. Re6+ fxe6 30. Rxe6+ Kf7 31.
Rxd6 Nc4 32. Rc6 Rxc6 33. Nxc6 Na3 34. Bd3 a5 35. Ne5+ Kf6 36. Nxg6 Rc8 37. Nf4
Rc5 38. h4 Nxc2 39. Be2 Nd4 40. Bd3 a4 41. Bg6 b3 42. axb3 a3 43. Bb1 Rc1+ 44.
Kh2 Rxb1 45. Nd5+ Kf5 46. Nc3 Rxb3 47. Na2 Rb2 48. Nc3 Rc2 49. Na2 Rxa2 50. Kh3
Rd2 51. f3 a2 52. f4 Kxf4 53. g3+ 0-1

[Event "ICS Rated blitz match"]
[Site "207.99.83.227"]
[Date "1999.04.28"]
[Round "?"]
[White "Hossa"]
[Black "peterd"]
[Result "1-0"]
[WhiteElo "2408"]
[BlackElo "2356"]
[PlyCount "121"]

1. Nf3 Nf6 2. d4 g6 3. e3 Bg7 4. Bd3 O-O 5. e4 d6 6. O-O Bg4 7. Be3 e5 8. dxe5
dxe5 9. h3 Bxf3 10. Qxf3 c6 11. Nc3 Nbd7 12. Qg3 Qe7 13. Qh4 Rfe8 14. f4 exf4
15. Rxf4 Rad8 16. Bxa7 b6 17. Raf1 Ra8 18. Bxb6 Nxb6 19. Rxf6 Bxf6 20. Qxf6
Qxf6 21. Rxf6 Re6 22. Rxe6 fxe6 23. h4 e5 24. a3 Kf7 25. Ne2 Kf6 26. g4 Rd8 27.
g5+ Ke7 28. b3 c5 29. a4 Ra8 30. Nc3 Kd6 31. Nb5+ Kc6 32. Be2 c4 33. Na3 cxb3
34. cxb3 Kc5 35. Nc2 Nxa4 36. bxa4 Rxa4 37. Bd3 Ra2 38. Kg2 Rb2 39. Kf3 Rb3 40.
Ke2 Rb8 41. Ne3 Rf8 42. Nd5 Kd6 43. Ke3 Rd8 44. Kd2 Rd7 45. Kc3 Rf7 46. Nf6 h6
47. Bc4 Rf8 48. Kd3 hxg5 49. hxg5 Rh8 50. Bf7 Rh3+ 51. Kc4 Rg3 52. Nh7 Rg4 53.
Bxg6 Ke7 54. Kd5 Rg1 55. Kxe5 Ra1 56. Nf6 Ra5+ 57. Kf4 Kf8 58. e5 Rb5 59. Be4
Rb4 60. g6 Kg7 61. Kg5 {peterd resigns} 1-0

[Event "ICS Rated blitz match"]
[Site "207.99.83.227"]
[Date "1999.04.28"]
[Round "?"]
[White "peterd"]
[Black "Hossa"]
[Result "0-1"]
[WhiteElo "2342"]
[BlackElo "2422"]
[PlyCount "33"]

1. e4 c5 2. Nf3 d6 3. d4 cxd4 4. Nxd4 Nf6 5. Nc3 e6 6. Be2 Be7 7. O-O O-O 8. f4
Qb6 9. Kh1 Nc6 10. Nb3 Bd7 11. a4 Rac8 12. Qe1 d5 13. e5 Ne4 14. Nxe4 dxe4 15.
Bb5 a6 16. Be2 Nb4 17. Bd1 {peterd resigns} 0-1

[Event "ICS Rated blitz match"]
[Site "207.99.83.227"]
[Date "1999.04.28"]
[Round "?"]
[White "Hossa"]
[Black "xypher"]
[Result "1/2-1/2"]
[WhiteElo "2434"]
[BlackElo "2671"]
[PlyCount "109"]

1. c4 Nf6 2. d4 e6 3. e3 b6 4. Nf3 Bb7 5. Nbd2 Bb4 6. Bd3 O-O 7. a3 Be7 8. e4
d6 9. O-O c5 10. d5 Re8 11. e5 dxe5 12. dxe6 fxe6 13. Nxe5 Nc6 14. Ndf3 Nxe5
15. Nxe5 Qd4 16. Qe2 Bd6 17. Nf3 Bxf3 18. Qxf3 e5 19. Qh3 e4 20. Be2 Qe5 21.
Rb1 Qe7 22. Be3 Rad8 23. Rbd1 Be5 24. b3 g6 25. Rxd8 Rxd8 26. a4 h5 27. Bg5 Kg7
28. Bd1 Rd3 29. Qh4 Qe6 30. Bc2 Rc3 31. Rc1 Qf5 32. h3 e3 33. f4 Rxc2 34. Rxc2
Qxc2 35. fxe5 Ng8 36. Bxe3 Qxb3 37. Qe4 Qxa4 38. Qd5 Qa1+ 39. Kf2 Qb2+ 40. Kf3
Kh8 41. Qe4 Qa1 42. Kf2 Ne7 43. Bg5 Nf5 44. Qa8+ Kh7 45. Qb7+ Ng7 46. Bf6 Qd4+
47. Kf3 Qc3+ 48. Kf2 Qd2+ 49. Kf3 Qd3+ 50. Kf2 Qd2+ 51. Kf3 Qc3+ 52. Kf2 Qd4+
53. Kf3 Qd3+ 54. Kf2 Qd2+ 55. Kf3 {Game drawn by repetition} 1/2-1/2

[Event "ICS Rated blitz match"]
[Site "207.99.83.227"]
[Date "1999.04.28"]
[Round "?"]
[White "Tim"]
[Black "Hossa"]
[Result "0-1"]
[WhiteElo "2469"]
[BlackElo "2443"]
[PlyCount "56"]

1. d4 e6 2. c4 d5 3. Nc3 Bb4 4. Nf3 Ne7 5. Bg5 dxc4 6. e4 b5 7. Be2 Bb7 8. Qc2
a6 9. O-O O-O 10. Rad1 Qd6 11. Be3 Ng6 12. e5 Qd8 13. Ng5 Nd7 14. f4 Be7 15.
Bf3 c6 16. Nge4 Nh4 17. Bg4 Nf5 18. Bxf5 exf5 19. Ng3 g6 20. d5 cxd5 21. Nxd5
Bxd5 22. Rxd5 Qc7 23. Rfd1 Nb6 24. Rd6 Bxd6 25. exd6 Qc6 26. Qf2 Nd7 27. Rd4
Nc5 28. Rd1 28... Nd3 {Tim resigns} 0-1

[Event "ICS Rated blitz match"]
[Site "207.99.83.227"]
[Date "1999.04.28"]
[Round "?"]
[White "xypher"]
[Black "Hossa"]
[Result "1-0"]
[WhiteElo "2662"]
[BlackElo "2460"]
[Annotator "Crafty v16.6"]
[PlyCount "103"]

{annotating for player ossa using a scoring margin of +0.10 pawns. search time
limit is 10.00} 1. d4 1... Nf6 2. c4 e6 3. Nf3 Be7 4. Nc3 O-O 5. e4 d5 6. e5
Ne8 ({9:-0.27} 6... Ne8 7. cxd5 exd5 8. Be2 Nc6 9. O-O Bf5 10. Bf4 Qd7 11. Ng5
$10) ({9:+0.16} 6... Ne4 7. Bd3 Nxc3 8. bxc3 dxc4 9. Bxc4 Nd7 10. O-O Nb6 11.
Bb3 11... Bd7 $10) 7. Bd3 dxc4 8. Bxc4 Nd7 9. O-O Nb6 10. Bd3 Bd7 ({8:-0.81} 
10... Bd7 11. Bc2 Bb4 12. Qd3 f5 13. Bg5 Be7 14. Bxe7 Qxe7 15. d5 $16) ({
8:-0.48} 10... Nd5 11. Nxd5 Qxd5 12. Qc2 Kh8 13. Bg5 Qd8 14. Qd2 14... Bd7 $14)
11. Bf4 Bc6 12. Re1 f5 ({7:-0.84} 12... f5 13. exf6 Rxf6 14. Ng5 Rxf4 15. Nxe6
Bf3 16. gxf3 $16) ({7:-0.26} 12... Bb4 13. Bc2 Bxf3 14. Qxf3 Qxd4 15. Be3 Qh4
16. Qxb7 Bxc3 17. bxc3 $10) 13. exf6 Bxf6 14. Ne5 Bxe5 15. Bxe5 Nf6 16. h3 Nbd5
17. Qd2 Qe7 18. Rac1 Qf7 19. Nxd5 Nxd5 20. f3 Qh5 21. Be4 Rf7 22. a3 Qh4 23. b4
Raf8 24. Rc5 a6 25. Rec1 Rb8 26. a4 Rd8 27. b5 axb5 28. axb5 Be8 29. Bxd5 Rxd5
30. Rxc7 Rxb5 31. Rxf7 Kxf7 32. Rc7+ Kf8 33. Qe3 Rxe5 34. Qxe5 Qf6 35. Qc5+ Kg8
36. Rxb7 h5 37. Rb8 Qf7 38. Qe5 Kh7 39. Rb6 Qg8 40. Rxe6 Bg6 41. Re7 Qf8 42. d5
Bf5 43. d6 Kh6 44. g4 hxg4 45. hxg4 Bg6 46. d7 Bf7 47. Rxf7 Qxf7 48. Qh2+ Kg5
49. d8=Q+ Qf6 50. Qd5+ Qe5 51. Qh5+ Kf4 52. Qhxe5# 1-0

[Event "ICS Rated blitz match"]
[Site "207.99.83.227"]
[Date "1999.04.28"]
[Round "?"]
[White "Hossa"]
[Black "lunarlander"]
[Result "1-0"]
[WhiteElo "2452"]
[BlackElo "2090"]
[PlyCount "59"]

1. e4 e6 2. d4 d5 3. e5 c5 4. c3 Nc6 5. Nf3 Bd7 6. Be2 Rc8 7. O-O Nge7 8. dxc5
Ng6 9. Be3 Ngxe5 10. Nxe5 Nxe5 11. Qd4 Nc6 12. Qg4 e5 13. Qg3 f6 14. Re1 g6 15.
Qf3 Be6 16. b4 Bg7 17. b5 Ne7 18. c6 bxc6 19. Bxa7 O-O 20. a4 Qa5 21. Bc5 Rfe8
22. Nd2 cxb5 23. axb5 Qc7 24. Nb3 Nf5 25. Ra7 Qd8 26. Rb1 Bf8 27. Bxf8 Rxf8 28.
Na5 d4 29. Qh3 Qd6 30. Qxh7# {lunarlander checkmated} 1-0

[Event "ICS Rated standard match"]
[Site "207.99.83.227"]
[Date "1999.04.29"]
[Round "?"]
[White "Hossa"]
[Black "Yeldnuh"]
[Result "0-1"]
[WhiteElo "2308"]
[BlackElo "2476"]
[Annotator "Crafty v16.6"]
[PlyCount "97"]

{annotating for player ossa using a scoring margin of +0.10 pawns. search time
limit is 10.00} 1. d3 1... e5 2. Nf3 Nc6 3. Nbd2 d5 4. e4 Nf6 5. Be2 g6 6. O-O
Bg7 7. Re1 ({7:+0.08} 7. Re1 7... O-O 8. exd5 Qxd5 9. c4 Qd6 10. Ne4 Nxe4 11.
dxe4 $10) ({7:+0.25} 7. exd5 7... Qxd5 8. Ne4 Nxe4 9. dxe4 Qxe4 10. Bd3 Qg4 11.
Bg5 $10) 7... O-O 8. c4 ({8:-0.24} 8. c4 8... d4 9. Nb3 Qd6 10. Bg5 Be6 11. c5
11... Qe7 $10) ({8:-0.02} 8. exd5 8... Qxd5 9. Nc4 Bd7 10. Qd2 Ng4 11. Qg5 Nb4
12. Bd1 $10) 8... dxe4 9. dxe4 ({9:-0.37} 9. dxe4 9... Qd6 10. Qc2 Nd4 11. Nxd4
exd4 12. Qd3 Ng4 13. Nf3 13... c5 $15) ({9:-0.20} 9. Nxe4 9... Nxe4 10. dxe4
Qxd1 11. Rxd1 Nd4 12. Nxd4 exd4 13. Bg5 c5 14. Be7 Re8 15. Bxc5 15... Rxe4 $10)
9... Qe7 10. Qb3 Nd4 11. Nxd4 exd4 12. Qg3 Re8 13. Bd3 c5 14. Nb3 b6 15. Bg5 h6
16. Bd2 Nh5 17. Qf3 Bb7 18. Qe2 Qd6 19. g3 f5 20. f3 fxe4 21. fxe4 Nf6 22. Bf4
Qc6 23. Rad1 a5 24. Qf1 g5 25. Bc1 Nxe4 26. Qf3 Nd6 27. Qxc6 Bxc6 28. Nd2 a4
29. a3 Rad8 30. Re2 Rxe2 31. Bxe2 Re8 32. Bd3 g4 33. Rf1 Re3 34. Bg6 d3 35. Rd1
Bd4 36. Kf1 Bb7 37. Nb1 Rf3+ 38. Ke1 Bf2+ 39. Kf1 Bxg3+ 40. Kg2 Bxh2 41. b4 Be5
42. Bxh6 Rh3+ 43. Kf2 g3+ 44. Ke1 g2 45. Bxd3 g1=Q+ 46. Bf1 Re3+ 47. Kd2 Qf2+
48. Be2 Rxe2+ 49. Kd3 0-1

[Event "ICS rated blitz match"]
[Site "207.99.83.227"]
[Date "1999.04.29"]
[Round "?"]
[White "JudgeTurpin"]
[Black "Hossa"]
[Result "1-0"]
[WhiteElo "2632"]
[BlackElo "2586"]
[PlyCount "67"]

1. e4 c5 2. Nf3 d6 3. d4 cxd4 4. Nxd4 Nf6 5. Nc3 e6 6. g4 Be7 7. g5 Nfd7 8. Be3
O-O 9. Qh5 Nc6 10. Nxc6 bxc6 11. Bd3 Ne5 12. Be2 g6 13. Qh4 f6 14. gxf6 Bxf6
15. Qg3 Nf7 16. Nd1 Bh4 17. Qg2 Qa5+ 18. Bd2 Qc5 19. Qg4 Bf6 20. c3 Ne5 21. Qg2
Rb8 22. h4 Nc4 23. b4 Qb5 24. h5 g5 25. a4 Qa6 26. Bxg5 Kf7 27. h6 Rb7 28. Bh5+
Ke7 29. Bxf6+ Kxf6 30. Rg1 Ke5 31. Qg5+ Kxe4 32. Rg4+ Kd3 33. Qc1 Rxf2 34.
Nxf2# {Hossa checkmated} 1-0

[Event "ICS rated blitz match"]
[Site "207.99.83.227"]
[Date "1999.04.29"]
[Round "?"]
[White "sicillianknight"]
[Black "Hossa"]
[Result "1-0"]
[WhiteElo "2666"]
[BlackElo "2572"]
[PlyCount "75"]

1. d4 e6 2. c4 d5 3. Nc3 Bb4 4. Nf3 Ne7 5. e3 O-O 6. Bd3 dxc4 7. Bxc4 c5 8. O-O
cxd4 9. exd4 Nd7 10. Bg5 Qa5 11. Qc2 Nf5 12. Rad1 Kh8 13. Rfe1 Bd6 14. d5 Nc5
15. Nb5 Bb8 16. dxe6 fxe6 17. Bd2 Qb6 18. b4 Na6 19. Qe4 Nd6 20. Nxd6 Qxd6 21.
Bd3 g6 22. Bxa6 Qxa6 23. Bh6 Kg8 24. Bxf8 Bc7 25. Qd4 e5 26. Nxe5 Qf6 27. Be7
Qxe7 28. Nxg6 Bxh2+ 29. Kh1 Qd6 30. Qh8+ Kf7 31. Qxh7+ Kf6 32. Nh4 Qe5 33. Rd6+
Be6 34. Qg6+ Ke7 35. Rxe5 Kxd6 36. Rxe6+ Kc7 37. Qf7+ Kd8 38. Re8# {
Hossa checkmated} 1-0

[Event "ICS Rated blitz match"]
[Site "207.99.83.227"]
[Date "1999.04.29"]
[Round "?"]
[White "Hossa"]
[Black "Amateur"]
[Result "1/2-1/2"]
[WhiteElo "2560"]
[BlackElo "2432"]
[PlyCount "191"]

1. c4 e5 2. Nc3 Nf6 3. Nf3 Nc6 4. e3 Bb4 5. Qc2 d6 6. Be2 O-O 7. O-O Ne7 8. d4
exd4 9. exd4 Bf5 10. Qb3 Bxc3 11. bxc3 b6 12. Bf4 Ng6 13. Bg5 h6 14. Be3 Qd7
15. Rae1 Rae8 16. Qa3 Ng4 17. Bd2 a5 18. Qb3 Re7 19. Bd1 Be4 20. Qb5 Qc8 21.
Ne5 N4xe5 22. Rxe4 c6 23. Qa4 Nxc4 24. Rxe7 Nxd2 25. Re3 Nxf1 26. Kxf1 d5 27.
Qb3 Qc7 28. Kg1 Ne7 29. Bg4 Qf4 30. Bh3 Qc7 31. Bg4 Rd8 32. Qd1 Rb8 33. Qf3 Qd6
34. Re2 Ng6 35. g3 Ra8 36. Rb2 Rb8 37. Re2 a4 38. Bf5 Rd8 39. Bh3 Ne7 40. Qg4
Ng6 41. Qf3 Ra8 42. Bg2 Qa3 43. Qe3 Rd8 44. f4 Nf8 45. Bh3 Rb8 46. Bg2 Nh7 47.
Qe5 Rc8 48. Bh3 Ra8 49. Rc2 Rd8 50. Qc7 Qd6 51. Qxb6 Rb8 52. Qa6 a3 53. Re2
Rb1+ 54. Bf1 Rb2 55. Qa4 Rb8 56. c4 dxc4 57. Qxc4 Nf8 58. Rc2 Ne6 59. Qxc6
Qxd4+ 60. Kg2 Qd8 61. Qe4 Rb2 62. Bc4 Nc7 63. Bb3 Qc8 64. Rxb2 axb2 65. Qc2
Qa8+ 66. Kg1 Qa3 67. Bxf7+ Kxf7 68. Qxc7+ Ke8 69. Qe5+ Kd8 70. Qd4+ Kc8 71.
Qc4+ Kb7 72. Qf7+ Kb6 73. Qg6+ Kc5 74. Qc2+ Kd5 75. Qd1+ Kc6 76. Qb1 Qe3+ 77.
Kg2 Qd2+ 78. Kh3 Kc7 79. Qe4 Qc1 80. Qe7+ Kc6 81. Qe6+ Kc5 82. Qc8+ Kd4 83.
Qd7+ Ke3 84. Qe6+ Kf2 85. Qb6+ Ke1 86. Qb4+ Kd1 87. Qd4+ Qd2 88. Qe4 Qc1 89.
Qd3+ Ke1 90. Qe4+ Kf2 91. Qd4+ Ke1 92. Qe4+ Kd2 93. Qd4+ Ke2 94. Qe4+ Kf1 95.
Qf3+ Ke1 96. Qe4+ {Game drawn by repetition} 1/2-1/2

[Event "ICS rated blitz match"]
[Site "207.99.83.227"]
[Date "1999.04.29"]
[Round "?"]
[White "Hossa"]
[Black "JudgeTurpin"]
[Result "0-1"]
[WhiteElo "2554"]
[BlackElo "2631"]
[PlyCount "158"]

1. c4 e5 2. Nc3 Nc6 3. Nf3 Bb4 4. e4 Nf6 5. d3 d6 6. Be2 O-O 7. O-O Bg4 8. Bg5
Bxc3 9. bxc3 Rb8 10. a3 Qe7 11. Rb1 Na5 12. Qd2 h6 13. Be3 b6 14. Qd1 c5 15.
Qa4 Bd7 16. Qd1 Bg4 17. Qc2 Be6 18. a4 Ng4 19. Rbe1 Nxe3 20. fxe3 f5 21. exf5
Bxf5 22. e4 Be6 23. Rf2 Rf7 24. Ref1 Rbf8 25. Qd2 Kh8 26. Bd1 Nb7 27. Bb3 Nd8
28. Qe1 Bd7 29. Qe2 Ne6 30. Qd2 Nf4 31. Qd1 Bc6 32. Kh1 Qd8 33. Kg1 Qd7 34. Nh4
Kh7 35. Nf5 Rf6 36. Qc2 Qf7 37. Qd2 Qe8 38. a5 bxa5 39. Qe3 g6 40. Nh4 a4 41.
Ba2 Qe7 42. Nf3 Rb8 43. Ne1 a5 44. Nf3 Rff8 45. Kh1 Kg7 46. Ng1 Qg5 47. Nf3 Qd8
48. Kg1 Qe7 49. Qd2 a3 50. Qe3 Rb2 51. Kh1 Qb7 52. Nh4 g5 53. Nf3 Rb8 54. g3
Nh3 55. Rxb2 axb2 56. Qe2 Rf8 57. Rb1 Qf7 58. Rf1 Qh5 59. Qg2 Bd7 60. Bb1 a4
61. d4 Bg4 62. Ng1 Rxf1 63. Qxf1 Qf7 64. Qxf7+ Kxf7 65. dxe5 dxe5 66. Nxh3 Bxh3
67. Kg1 a3 68. g4 Bxg4 69. h4 Bd1 70. Kf2 Bb3 71. hxg5 hxg5 72. Kf3 a2 73. Bxa2
Bxa2 74. Kf2 b1=Q 75. Kg2 Qxe4+ 76. Kf2 Bxc4 77. Kg3 Bf1 78. Kf2 Qe2+ 79. Kg3
79... Qg2# {Hossa checkmated} 0-1